| 000 | 00645nam a22002177a 4500 | ||
|---|---|---|---|
| 005 | 20150612105156.0 | ||
| 008 | 140714b xxu||||| |||| 00| 0 Urdu d | ||
| 010 | _aUR-9051 | ||
| 020 |
_c350.00 _a97881927477 |
||
| 035 | _aU-7606 | ||
| 037 | _bDBAD | ||
| 040 |
_aDPL _bUrdu |
||
| 082 | _a270.100 | ||
| 100 | _aجعفر ر ضا | ||
| 245 |
_aتصو ف :نيا تنا ظر _cجعفر ر ضا |
||
| 246 | h |
_aTasawwuf :Naya Tanazur _b By Dr. Jafer Raza |
|
| 260 |
_bShabistan _c2013 _a Allahabad |
||
| 270 |
_a786-Shahganj, _bAlllahabad _k- _e211003 |
||
| 300 |
_a252ص _c22Cm (Hb) |
||
| 942 |
_2ddc _cUR _e _h270.100 _mج ع ف |
||
| 999 |
_c94231 _d94231 |
||